000 00554cam a2200157 4500
008 120305n 000 0 eng u
020 _a0877450706
035 _a(Sirsi) a175660
050 _aPN 4801 DES 1978
100 _aDesmond, Robert W.
245 _aThe information process: world news reporting to the twentieth century /
_cby Robert W. Desmond
260 _aIowa City:
_bUniversity of Iowa Press,
_c1978.
300 _axiv, 495p.
504 _aIncludes bibliographical references and index.
650 _aInformation process -- New reporting
999 _c117259
_d117259